000 00752cam a2200217 4500
001 WB3605-02
008 000000n2000 000 0 eng u
035 _a(Sirsi) u103991
245 _aHigh hedges: RICS calls for mediation
260 _c2000
490 _aRICS Press Release
_v(115) 2 February 2000 (1)
520 _aThe RICS has produced its' response to the DETR consultation paper "High hedges: possible solutions". For a copy of the full response contact the RICS Policy Unit on 0207 334 3751.
590 _aWB
650 _aABOUT RICS
650 _aCONSULTATION PAPERS
650 _aHIGH HEDGES: POSSIBLE SOLUTIONS
650 _aLEYLANDII HEDGES
650 _aNEIGHBOUR DISPUTES
690 _aBoundary disputes
_96221
942 _n0
999 _c62411
_d62411